Language Quiz

Random Language or French Quiz

Most Common French Verbs Quiz Stats

 Plays Quiz not verified by Sporcle

Support Sporcle.
Go Orange.
Score 0/20 Timer 04:00
0 Plays Today
# Verb % Correct
1.être
98.2%
2.avoir
95.4%
3.faire
85.3%
6.aller
85.3%
5.pouvoir
71.6%
9.vouloir
66.1%
7.voir
62.4%
8.savoir
62.4%
4.dire
60.6%
17.parler
58.7%
# Verb % Correct
10.venir
57.8%
12.devoir
56.9%
16.prendre
56%
18.aimer
46.8%
15.donner
45.9%
20.mettre
44%
11.falloir
38.5%
13.croire
29.4%
14.trouver
22.9%
19.passer
18.3%

You're not logged in!

Compare scores with friends on all Sporcle quizzes.
OR
Log In

From the Vault

Same Director: Different Movie

by Flick

When an actor comes to me and wants to discuss his character, I say, 'It's in the script.' If he says, 'But what's my motivation?, ' I say, 'Your salary.' - Alfred Hitchcock
Remove Ads.
Support Sporcle.
Get the best of Sporcle when you Go Orange. This ad-free experience offers more features, more stats, and more fun while also helping to support Sporcle. Thank you for becoming a member.

Show Comments

Extras

Created Mar 14, 2011ReportNominate
Tags:French Quiz, common, Verb

Top Quizzes Today


Score Distribution

Your Account Isn't Verified!

In order to create a playlist on Sporcle, you need to verify the email address you used during registration. Go to your Sporcle Settings to finish the process.

Report this User

Report this user for behavior that violates our Community Guidelines.

Details: